[Event "Trieste op 16th"]
[Site "Trieste"]
[Date "2014.09.04"]
[Round "7"]
[White "Larmuseau, Maarten"]
[Black "Mazi, Leon"]
[Result "1/2-1/2"]
[WhiteElo "2236"]
[BlackElo "2361"]
[PlyCount "154"]
[EventDate "2014.08.30"]
[EventType "swiss"]
[EventRounds "9"]
[EventCountry "ITA"]
[SourceTitle "CBM 162 Extra"]
[Source "ChessBase"]
[SourceDate "2014.10.17"]
[SourceVersion "1"]
[SourceVersionDate "2014.10.17"]
[SourceQuality "1"]

1. e4 c5 2. c3 Nf6 3. e5 Nd5 4. Nf3 d6 5. d4 cxd4 6. cxd4 Nc6 7. Bc4 Nb6 8. Bb5 dxe5 9. Nxe5 Bd7 10. Nxd7 Qxd7 11. Nc3 Rd8 12. 0-0 e6 13. Be3 Be7 14. Qf3 0-0 15. Rac1 Nd5 16. Nxd5 exd5 17. Qe2 Rc8 18. Rc3 a6 19. Bd3 Rfe8 20. Bb1 g6 21. Qf3 Bf8 22. h4 h5 23. a3 Na5 24. Rxc8 Rxc8 25. Rd1 Nc4 26. Bc1 Re8 27. g3 a5 28. Kg2 a4 29. Bd3 b5 30. Bf1 Bg7 31. Kh2 Re4 32. Bxc4 bxc4 33. Be3 Qb7 34. Rd2 Qb3 35. Qd1 Bf8 36. Qc1 Bd6 37. Kg2 Re8 38. Re2 Qd3 39. Re1 Re6 40. Kg1 Bf8 41. Qd2 Qb3 42. Kg2 Bg7 43. Re2 Qb7 44. Qa5 Qd7 45. Rd2 Re4 46. Kh2 Kh7 47. Kg2 Qc6 48. Qa7 Kg8 49. Rd1 Re8 50. Bf4 Bf6 51. Qa5 Re2 52. Rd2 Re1 53. Rc2 Rb1 54. Re2 Kg7 55. Qd2 Qd7 56. Qe3 Qf5 57. Bd6 Qe4+ 58. Qxe4 dxe4 59. Be5 Bxe5 60. dxe5 e3 61. f4 Rc1 62. Kf3 c3 63. bxc3 Rxc3 64. Rxe3 Rb3 65. Ke4 Rb1 66. Rd3 Rg1 67. Kd5 Kf8 68. Kd6 Rb1 69. Kc5 Ke7 70. Kd5 f6 71. Rd4 Rb5+ 72. Kc6 Rb3 73. Rxa4 fxe5 74. fxe5 Ke6 75. g4 hxg4 76. Rxg4 Rc3+ 77. Kb5 Rxa3 1/2-1/2

[Event "Trieste op 16th"]
[Site "Trieste"]
[Date "2014.09.01"]
[Round "4"]
[White "Kozul, Zdenko"]
[Black "Larmuseau, Maarten"]
[Result "1-0"]
[WhiteElo "2608"]
[BlackElo "2236"]
[PlyCount "93"]
[EventDate "2014.08.30"]
[EventType "swiss"]
[EventRounds "9"]
[EventCountry "ITA"]
[SourceTitle "CBM 162 Extra"]
[Source "ChessBase"]
[SourceDate "2014.10.17"]
[SourceVersion "1"]
[SourceVersionDate "2014.10.17"]
[SourceQuality "1"]

1. d4 e6 2. c4 Nf6 3. Nf3 d5 4. Nc3 Be7 5. Bf4 0-0 6. e3 c6 7. Bd3 Nbd7 8. cxd5 Nxd5 9. Bg3 c5 10. 0-0 b6 11. e4 Nxc3 12. bxc3 Bb7 13. d5 exd5 14. exd5 Bf6 15. Rb1 Bxc3 16. Qc2 Bd4 17. Nxd4 cxd4 18. Rb4 Rc8 19. Qb1 g6 20. Rxd4 Qf6 21. Qa1 Rc5 22. d6 Rd5 23. Rxd5 Qxa1 24. Rxa1 Bxd5 25. Bb5 Be6 26. f3 Rd8 27. a3 f6 28. Re1 Kf7 29. h4 Nc5 30. Bf4 Nd7 31. Kh2 Nc5 32. g4 Rc8 33. g5 f5 34. Kg3 Rd8 35. h5 Rc8 36. hxg6+ hxg6 37. Rh1 a6 38. Be2 Nd7 39. Rh7+ Kg8 40. Re7 Nc5 41. Be5 Bf7 42. Bf6 f4+ 43. Kxf4 b5 44. Bf1 Rd8 45. Ra7 Rxd6 46. Ra8+ Kh7 47. Rh8# 1-0

[Event "Wch U20 51st"]
[Site "Athens"]
[Date "2012.08.12"]
[Round "10"]
[White "Velten, Paul"]
[Black "Larmuseau, Maarten"]
[Result "0-1"]
[WhiteElo "2366"]
[BlackElo "2245"]
[PlyCount "94"]
[EventDate "2012.08.02"]
[EventType "swiss"]
[EventRounds "13"]
[EventCountry "GRE"]
[SourceTitle "CBM 149 Extra"]
[Source "ChessBase"]
[SourceDate "2012.08.24"]
[SourceVersion "1"]
[SourceVersionDate "2012.08.24"]
[SourceQuality "1"]

1. Nf3 Nf6 2. g3 e6 3. Bg2 c5 4. 0-0 d5 5. d4 cxd4 6. Nxd4 e5 7. Nb3 Nc6 8. Bg5 Be6 9. Nc3 d4 10. Ne4 Bxb3 11. axb3 Be7 12. Bxf6 Bxf6 13. b4 Qb6 14. b5 Nd8 15. c4 Be7 16. Qa4 f5 17. Nd2 e4 18. b4 0-0 19. c5 Qe6 20. Qb3 Bg5 21. Rfd1 Bxd2 22. Qxe6+ Nxe6 23. Rxd2 b6 24. f3 e3 25. Rc2 f4 26. Bh3 Ng5 27. Bd7 d3 28. exd3 Nxf3+ 29. Kg2 Nd4 30. Rc4 f3+ 31. Kh3 f2 32. Bg4 e2 33. Bxe2 Nxe2 34. Kg2 Rad8 35. Rc2 Nd4 36. Rxf2 Nxb5 37. Rxf8+ Kxf8 38. Rf1+ Ke7 39. Re1+ Kf6 40. Rf1+ Kg6 41. Re1 bxc5 42. bxc5 Rxd3 43. Rb1 Nd4 44. Ra1 Rd2+ 45. Kh3 Nf3 46. Rxa7 Rxh2+ 47. Kg4 Ne5+ 0-1

[Event "Wch U20 51st"]
[Site "Athens"]
[Date "2012.08.08"]
[Round "7"]
[White "Larmuseau, Maarten"]
[Black "Firat, Burak"]
[Result "0-1"]
[WhiteElo "2245"]
[BlackElo "2423"]
[PlyCount "118"]
[EventDate "2012.08.02"]
[EventType "swiss"]
[EventRounds "13"]
[EventCountry "GRE"]
[SourceTitle "CBM 149 Extra"]
[Source "ChessBase"]
[SourceDate "2012.08.24"]
[SourceVersion "1"]
[SourceVersionDate "2012.08.24"]
[SourceQuality "1"]

1. e4 c5 2. c3 Nf6 3. e5 Nd5 4. d4 cxd4 5. Nf3 d6 6. cxd4 Nc6 7. Bc4 Nb6 8. Bb5 d5 9. Nc3 Bg4 10. h3 Bxf3 11. Qxf3 e6 12. Be3 Rc8 13. Rc1 a6 14. Be2 Na5 15. 0-0 Nac4 16. Bxc4 Nxc4 17. b3 Na5 18. Qg4 Nc6 19. Ne2 h5 20. Qg3 g6 21. Nf4 Be7 22. Rfd1 Rc7 23. Nd3 Kf8 24. Rd2 Kg7 25. Rdc2 Qb8 26. Nc5 Rhc8 27. Qf4 Kg8 28. a3 Qa7 29. b4 Nd8 30. Rc3 b6 31. Na4 Rxc3 32. Rxc3 Rxc3 33. Nxc3 Qc7 34. Ne2 Qc4 35. Qf3 Nc6 36. g4 h4 37. Kg2 g5 38. Kg1 Qd3 39. b5 axb5 40. Nc1 Qb1 41. Bd2 Nxd4 42. Qe3 Qe4 43. Qxe4 dxe4 44. Kf1 Bxa3 45. Bxg5 b4 46. Ne2 Nf3 47. Be7 Bb2 48. Bxb4 Bxe5 49. Nc3 Bxc3 50. Bxc3 f5 51. gxf5 exf5 52. Ke2 Kf7 53. Ke3 Kg6 54. Bb4 Ng1 55. Be7 Kh5 56. Bd8 b5 57. Kf4 Nxh3+ 58. Kxf5 Nxf2 59. Bb6 h3 0-1

[Event "Ghent Taminco op 34th"]
[Site "Ghent"]
[Date "2011.07.18"]
[Round "5"]
[White "Pienski, Olaf"]
[Black "Larmuseau, Maarten"]
[Result "0-1"]
[WhiteElo "2090"]
[BlackElo "2222"]
[PlyCount "46"]
[EventDate "2011.07.16"]
[EventType "swiss"]
[EventRounds "9"]
[EventCountry "BEL"]
[SourceTitle "CBM 143 Extra"]
[Source "ChessBase"]
[SourceDate "2011.08.29"]
[SourceVersion "1"]
[SourceVersionDate "2011.08.29"]
[SourceQuality "1"]

1. e4 e6 2. d4 d5 3. e5 c5 4. c3 Nc6 5. Nf3 Qb6 6. a3 c4 7. Nbd2 Na5 8. Be2 Bd7 9. 0-0 0-0-0 10. Re1 Qc7 11. a4 Kb8 12. Qc2 Rc8 13. Bf1 Nh6 14. Ng5 Be7 15. f4 Qc6 16. Re3 f6 17. Nh3 Be8 18. b4 cxb3 19. Nxb3 Nc4 20. Re1 Bg6 21. Qe2 Rhe8 22. exf6 gxf6 23. Qxe6 Bd6 0-1

[Event "Wch U20 49th"]
[Site "Chotowa"]
[Date "2010.08.16"]
[Round "13"]
[White "Larmuseau, Maarten"]
[Black "Huschenbeth, Niclas"]
[Result "0-1"]
[WhiteElo "2277"]
[BlackElo "2459"]
[PlyCount "48"]
[EventDate "2010.08.03"]
[EventType "swiss"]
[EventRounds "13"]
[EventCountry "POL"]
[SourceTitle "CBM 137 Extra"]
[Source "ChessBase"]
[SourceDate "2010.09.01"]
[SourceVersion "1"]
[SourceVersionDate "2010.09.01"]
[SourceQuality "1"]

1. e4 e5 2. Nf3 Nc6 3. Bb5 Nge7 4. c3 a6 5. Ba4 g6 6. 0-0 Bg7 7. d3 0-0 8. b4 h6 9. Nbd2 d5 10. Bb3 Be6 11. Qe2 g5 12. exd5 Nxd5 13. Ne4 g4 14. Ne1 b6 15. f3 Nxc3 16. Nxc3 Bxb3 17. Kh1 Be6 18. fxg4 Qd4 19. Bd2 Bxg4 20. Nf3 Qxb4 21. Nd5 Qd6 22. Qe4 Be6 23. Ne3 f5 24. Qh4 Qxd3 0-1

[Event "Wch U20 49th"]
[Site "Chotowa"]
[Date "2010.08.15"]
[Round "12"]
[White "Hamitevici, Vladimir"]
[Black "Larmuseau, Maarten"]
[Result "1-0"]
[WhiteElo "2411"]
[BlackElo "2277"]
[PlyCount "89"]
[EventDate "2010.08.03"]
[EventType "swiss"]
[EventRounds "13"]
[EventCountry "POL"]
[SourceTitle "CBM 137 Extra"]
[Source "ChessBase"]
[SourceDate "2010.09.01"]
[SourceVersion "1"]
[SourceVersionDate "2010.09.01"]
[SourceQuality "1"]

1. d4 Nf6 2. c4 c5 3. d5 e6 4. Nc3 exd5 5. cxd5 d6 6. g3 g6 7. Bg2 Bg7 8. Nf3 a6 9. a4 0-0 10. 0-0 Re8 11. Nd2 Nbd7 12. h3 Nh5 13. Nce4 Ndf6 14. Nxf6+ Nxf6 15. Nc4 Ne4 16. Kh2 Rb8 17. f3 Nf6 18. Bf4 Bf8 19. g4 b5 20. axb5 axb5 21. Na5 Bd7 22. e4 Ra8 23. Qd2 Qc7 24. b4 cxb4 25. Rfc1 Qb6 26. Qxb4 Rec8 27. Rxc8 Rxc8 28. Rc1 Rxc1 29. Bxc1 Ne8 30. Nb3 Bg7 31. Bf4 h6 32. Bg3 Qe3 33. Na5 Bd4 34. Qb1 b4 35. h4 h5 36. gxh5 gxh5 37. Qe1 Qa3 38. Nc4 Qc3 39. Qxc3 Bxc3 40. Bf1 b3 41. Nxd6 b2 42. Bd3 Nc7 43. Nc4 Na6 44. Nxb2 Nb4 45. Nd1 1-0

[Event "Wch U20 49th"]
[Site "Chotowa"]
[Date "2010.08.10"]
[Round "7"]
[White "Larmuseau, Maarten"]
[Black "Dimitrov, Pavel"]
[Result "0-1"]
[WhiteElo "2277"]
[BlackElo "2365"]
[PlyCount "96"]
[EventDate "2010.08.03"]
[EventType "swiss"]
[EventRounds "13"]
[EventCountry "POL"]
[SourceTitle "CBM 137 Extra"]
[Source "ChessBase"]
[SourceDate "2010.09.01"]
[SourceVersion "1"]
[SourceVersionDate "2010.09.01"]
[SourceQuality "1"]

1. e4 e5 2. Nf3 Nc6 3. Bb5 a6 4. Ba4 Nf6 5. d3 b5 6. Bb3 Be7 7. 0-0 0-0 8. c3 d6 9. h3 Na5 10. Bc2 c5 11. Re1 Bb7 12. Nbd2 Re8 13. Nf1 Bf8 14. Ng3 g6 15. Qe2 Bg7 16. Be3 Qc7 17. Rac1 c4 18. Rcd1 d5 19. Bg5 cxd3 20. Bxd3 dxe4 21. Nxe4 Nxe4 22. Bxe4 Bxe4 23. Qxe4 h6 24. Bc1 Qc4 25. Qxc4 Nxc4 26. Nd2 Rad8 27. Nxc4 bxc4 28. Kf1 Rd3 29. Rxd3 cxd3 30. Re4 f5 31. Rc4 Re6 32. Rc8+ Kh7 33. f3 e4 34. fxe4 fxe4 35. Be3 g5 36. a4 Be5 37. Rf8 Kg7 38. Rf5 Bg3 39. c4 Rd6 40. Rd5 Rxd5 41. cxd5 Kf6 42. Bb6 Bf4 43. g3 Bxg3 44. b4 Bf4 45. b5 axb5 46. a5 e3 47. a6 e2+ 48. Ke1 Bg3+ 0-1

[Event "Wch U20 49th"]
[Site "Chotowa"]
[Date "2010.08.07"]
[Round "5"]
[White "Larmuseau, Maarten"]
[Black "Larmuseau, Michiel"]
[Result "1/2-1/2"]
[WhiteElo "2277"]
[BlackElo "2068"]
[PlyCount "88"]
[EventDate "2010.08.03"]
[EventType "swiss"]
[EventRounds "13"]
[EventCountry "POL"]
[SourceTitle "CBM 137 Extra"]
[Source "ChessBase"]
[SourceDate "2010.09.01"]
[SourceVersion "1"]
[SourceVersionDate "2010.09.01"]
[SourceQuality "1"]

1. e4 e6 2. Nf3 d5 3. Nc3 Nf6 4. e5 Nfd7 5. d4 c5 6. dxc5 Nc6 7. Bf4 a6 8. Bd3 Nxc5 9. 0-0 Nxd3 10. cxd3 Be7 11. Re1 0-0 12. Qd2 f6 13. exf6 Bxf6 14. d4 Bd7 15. h3 Rc8 16. Bg3 Be7 17. Qe3 Bb4 18. Rac1 Ne7 19. Bh4 Nf5 20. Qxe6+ Bxe6 21. Bxd8 Bf7 22. Bg5 Rc4 23. Red1 Rfc8 24. Ne2 Rc2 25. a3 Bd6 26. Rxc2 Rxc2 27. Rd2 Rc8 28. g4 Ne7 29. Bxe7 Bxe7 30. Ne5 Be8 31. f4 Ba4 32. Nc3 Bb3 33. Rd3 b5 34. Re3 b4 35. axb4 Bxb4 36. Kf2 a5 37. Ke2 a4 38. Kd2 Ba5 39. Nd7 Rc4 40. Rd3 Bb4 41. Ne5 Bxc3+ 42. Rxc3 Rxd4+ 43. Ke3 Re4+ 44. Kf3 g5 1/2-1/2

[Event "Wch U20 49th"]
[Site "Chotowa"]
[Date "2010.08.05"]
[Round "3"]
[White "Larmuseau, Maarten"]
[Black "Arnold, Marc Tyler"]
[Result "0-1"]
[WhiteElo "2277"]
[BlackElo "2432"]
[PlyCount "94"]
[EventDate "2010.08.03"]
[EventType "swiss"]
[EventRounds "13"]
[EventCountry "POL"]
[SourceTitle "CBM 137 Extra"]
[Source "ChessBase"]
[SourceDate "2010.09.01"]
[SourceVersion "1"]
[SourceVersionDate "2010.09.01"]
[SourceQuality "1"]

1. e4 c5 2. Nf3 e6 3. b3 Nc6 4. Bb5 Nge7 5. 0-0 d6 6. Re1 a6 7. Bf1 g6 8. Bb2 e5 9. Na3 Bg7 10. c3 0-0 11. d4 exd4 12. cxd4 Bg4 13. Nc2 Bxf3 14. Qxf3 Nxd4 15. Nxd4 Bxd4 16. Bxd4 cxd4 17. Red1 Nc6 18. Bc4 Rc8 19. Qf4 Qe7 20. a3 Qe5 21. g3 b5 22. Bd5 Ne7 23. Qd2 Nxd5 24. exd5 Rc3 25. Rab1 d3 26. Re1 Qf6 27. Qe3 Rfc8 28. Red1 Qf5 29. Qd4 Qe5 30. Rxd3 Rc1+ 31. Rxc1 Rxc1+ 32. Kg2 Qxd4 33. Rxd4 Rc3 34. a4 Rxb3 35. axb5 axb5 36. h4 Kg7 37. g4 Rc3 38. f3 h5 39. gxh5 gxh5 40. Kg3 Rc1 41. Rd2 Kf6 42. Rd3 b4 43. Rb3 Ke5 44. Re3+ Kxd5 45. Re7 f5 46. Rh7 b3 47. Rb7 f4+ 0-1

[Event "Wch U20 49th"]
[Site "Chotowa"]
[Date "2010.08.04"]
[Round "2"]
[White "Delorme, Axel"]
[Black "Larmuseau, Maarten"]
[Result "1-0"]
[WhiteElo "2455"]
[BlackElo "2277"]
[PlyCount "95"]
[EventDate "2010.08.03"]
[EventType "swiss"]
[EventRounds "13"]
[EventCountry "POL"]
[SourceTitle "CBM 137 Extra"]
[Source "ChessBase"]
[SourceDate "2010.09.01"]
[SourceVersion "1"]
[SourceVersionDate "2010.09.01"]
[SourceQuality "1"]

1. Nf3 Nf6 2. c4 c5 3. g3 d5 4. cxd5 Nxd5 5. Bg2 Nc6 6. 0-0 e5 7. Nc3 Nc7 8. d3 Be7 9. Nd2 Be6 10. Bxc6+ bxc6 11. Nc4 f6 12. Qa4 Qd7 13. Ne4 Bh3 14. Re1 0-0 15. Na5 f5 16. Nd2 Nb5 17. Nf3 Kh8 18. Qc4 Qc7 19. Nb3 Nd4 20. Nxc5 Nxf3+ 21. exf3 Qd6 22. Ne6 Rfb8 23. Nc5 Rf8 24. Ne6 Rfb8 25. f4 e4 26. Bd2 Bf6 27. Bc3 Re8 28. Bd2 Reb8 29. Bc3 Re8 30. Nc5 Be7 31. b4 Qg6 32. Ne6 Rg8 33. Nc5 Rge8 34. Ne6 Rg8 35. dxe4 fxe4 36. Rxe4 Bf6 37. Rae1 Qh5 38. R4e3 Rae8 39. Bxf6 gxf6 40. Qxc6 Re7 41. Qc5 Qe8 42. f5 Qa8 43. Nf4 Rxe3 44. Rxe3 Rc8 45. Qe7 Rc1+ 46. Re1 Rxe1+ 47. Qxe1 Bxf5 48. Qe7 1-0

[Event "Ghent Taminco op 33rd"]
[Site "Ghent"]
[Date "2010.07.18"]
[Round "3"]
[White "Larmuseau, Maarten"]
[Black "Boog, Ben"]
[Result "1-0"]
[WhiteElo "2277"]
[BlackElo "2082"]
[PlyCount "117"]
[EventDate "2010.07.17"]
[EventType "swiss"]
[EventRounds "9"]
[EventCountry "BEL"]
[SourceTitle "CBM 137 Extra"]
[Source "ChessBase"]
[SourceDate "2010.09.01"]
[SourceVersion "1"]
[SourceVersionDate "2010.09.01"]
[SourceQuality "1"]

1. e4 c6 2. d3 d5 3. Nd2 e5 4. Ngf3 f6 5. g3 Bc5 6. Bg2 Ne7 7. 0-0 0-0 8. c3 Bb6 9. Qb3 Kh8 10. d4 dxe4 11. Nxe4 exd4 12. Nxd4 Bxd4 13. cxd4 Na6 14. Bf4 Nd5 15. Bd6 Re8 16. Ba3 Qb6 17. Qxb6 axb6 18. Nd6 Re6 19. Nxc8 Rxc8 20. Bh3 Ree8 21. Bxc8 Rxc8 22. Rfe1 Kg8 23. Bd6 Rd8 24. Re6 Kf7 25. Rae1 Rd7 26. Ba3 b5 27. Bc5 Nab4 28. Rd6 Rxd6 29. Bxd6 Nd3 30. Re2 Nc1 31. Re1 Nd3 32. Rb1 Ke6 33. Bf8 Kf7 34. Bd6 Ke6 35. Bb8 Ne7 36. Kf1 Nb4 37. a3 Nbd5 38. Ke2 Nb6 39. Kd3 Ned5 40. Re1+ Kd7 41. b3 Nc8 42. h4 h5 43. f3 Nce7 44. g4 g6 45. Rg1 hxg4 46. fxg4 Ng8 47. Bg3 Ke6 48. Be1 Nf4+ 49. Ke4 Nd5 50. Bd2 Kd7 51. Rh1 Ke7 52. h5 f5+ 53. gxf5 Ngf6+ 54. Kf3 gxh5 55. Bg5 Kf7 56. Bxf6 Nxf6 57. Kf4 Ke7 58. Kg5 Ne4+ 59. Kg6 1-0

[Event "Maastricht Limburg op-A 4th"]
[Site "Maastricht"]
[Date "2010.05.22"]
[Round "2"]
[White "Larmuseau, Maarten"]
[Black "Dalemans, Diana"]
[Result "1-0"]
[WhiteElo "2267"]
[BlackElo "1906"]
[PlyCount "135"]
[EventDate "2010.05.21"]
[EventType "swiss"]
[EventRounds "7"]
[EventCountry "NED"]
[SourceTitle "CBM 136 Extra"]
[Source "ChessBase"]
[SourceDate "2010.07.02"]
[SourceVersion "2"]
[SourceVersionDate "2010.07.15"]
[SourceQuality "1"]

1. e4 d5 2. exd5 Qxd5 3. Nc3 Qa5 4. d4 c6 5. Nf3 Nf6 6. Ne5 Bf5 7. Bd3 Bxd3 8. Qxd3 e6 9. Bd2 Qc7 10. f4 Nbd7 11. 0-0-0 Bb4 12. Rde1 Nxe5 13. fxe5 Bxc3 14. Qxc3 Nd5 15. Qg3 0-0-0 16. Rhf1 Rhg8 17. Qa3 Kb8 18. Ba5 b6 19. Bd2 Qd7 20. Qf3 f5 21. exf6 Nxf6 22. Bf4+ Kb7 23. Be5 Rgf8 24. Qa3 h5 25. Re2 Rf7 26. Ref2 Rdf8 27. h3 Qd5 28. g4 hxg4 29. hxg4 Qd7 30. Qf3 Ka6 31. Qd3+ b5 32. Qg6 Qd5 33. g5 Qxa2 34. gxf6 gxf6 35. c3 Qa1+ 36. Qb1 Qa5 37. Qe4 Kb7 38. Rxf6 Rxf6 39. Bxf6 b4 40. Qh7+ Ka6 41. Qd3+ Kb7 42. cxb4 Qxb4 43. Kc2 Rc8 44. Ra1 a5 45. Qb3 c5 46. Qxb4+ axb4 47. Kb3 cxd4 48. Bxd4 Rd8 49. Bc5 Kc6 50. Bxb4 e5 51. Re1 Re8 52. Kc4 e4 53. Re3 Re5 54. Bc3 Rc5+ 55. Kd4 Kb5 56. Rxe4 Rc4+ 57. Kd3 Rc8 58. Re5+ Kb6 59. b4 Rd8+ 60. Bd4+ Kc6 61. Kc4 Rd7 62. Bc5 Rd1 63. Re6+ Kc7 64. Re7+ Kc8 65. Kb5 Rh1 66. Kc6 Kd8 67. Rf7 Rh6+ 68. Bd6 1-0

[Event "BEL-ch"]
[Site "Ghent"]
[Date "2010.05.15"]
[Round "5"]
[White "Larmuseau, Maarten"]
[Black "Van der Stricht, Geert"]
[Result "1-0"]
[WhiteElo "2267"]
[BlackElo "2400"]
[PlyCount "61"]
[EventDate "2010.05.13"]
[EventType "swiss"]
[EventRounds "7"]
[EventCountry "BEL"]
[SourceTitle "CBM 136 Extra"]
[Source "ChessBase"]
[SourceDate "2010.07.02"]
[SourceVersion "2"]
[SourceVersionDate "2010.07.15"]
[SourceQuality "1"]

1. e4 c5 2. Nf3 d6 3. Bb5+ Bd7 4. Bxd7+ Nxd7 5. 0-0 Ngf6 6. Re1 e6 7. c3 Be7 8. d4 cxd4 9. cxd4 d5 10. e5 Ne4 11. Nfd2 Nxd2 12. Bxd2 b5 13. Qg4 Kf8 14. Nc3 h5 15. Qf3 Kg8 16. Nxb5 Rb8 17. Qd3 a6 18. Nd6 Bxd6 19. exd6 Rxb2 20. Rec1 Nf8 21. Bc3 Rb8 22. Qxa6 Rb6 23. Ba5 Rxd6 24. Qb5 Qa8 25. Rc7 Ra6 26. Bb4 Rxa2 27. Rxa2 Qxa2 28. Bxf8 Kh7 29. Qd3+ Kh6 30. Rxf7 Qa1+ 31. Qf1 1-0

[Event "Wch U18"]
[Site "Kemer"]
[Date "2009.11.22"]
[Round "11"]
[White "Yanev, Tihomir"]
[Black "Larmuseau, Maarten"]
[Result "1/2-1/2"]
[WhiteElo "2335"]
[BlackElo "2160"]
[PlyCount "132"]
[EventDate "2009.11.12"]
[EventType "swiss"]
[EventRounds "11"]
[EventCountry "TUR"]
[SourceTitle "EXT 2010"]
[Source "ChessBase"]
[SourceDate "2010.11.25"]
[SourceVersion "1"]
[SourceVersionDate "2010.11.25"]
[SourceQuality "1"]

1. e4 e6 2. d4 d5 3. Nc3 Bb4 4. e5 b6 5. Qg4 Bf8 6. a4 Nc6 7. Nf3 Qd7 8. Bb5 Bb7 9. 0-0 a6 10. Be2 Nge7 11. Nd1 Nf5 12. c3 Na5 13. Bf4 Nb3 14. Ra2 h6 15. h4 Bc6 16. Ne3 g6 17. h5 g5 18. Bh2 Nxe3 19. fxe3 Bxa4 20. Bg3 Bb5 21. Bxb5 Qxb5 22. e4 dxe4 23. Qxe4 Qd5 24. Qxd5 exd5 25. e6 fxe6 26. Bxc7 b5 27. Ne5 Rh7 28. Ng6 Rf7 29. Rxf7 Kxf7 30. Ne5+ Ke8 31. Ba5 Bd6 32. Ng4 Bf8 33. Ne5 Bg7 34. Nd3 Bf6 35. Kf2 Be7 36. Ke2 Bd6 37. Kd1 Rc8 38. Bb6 a5 39. Bxa5 Ra8 40. Kc2 Nxa5 41. b4 Bc7 42. Ne5 Ra7 43. bxa5 Rxa5 44. Rxa5 Bxa5 45. Ng4 Bc7 46. Nxh6 e5 47. Ng4 exd4 48. cxd4 Kf7 49. Ne3 Ke6 50. g4 Bd6 51. Kb3 Bf8 52. Nf5 Kf6 53. h6 Kg6 54. Kc3 Kh7 55. Ne3 Kxh6 56. Nxd5 Bd6 57. Kd3 Kg6 58. Nc3 b4 59. Ne4 Be7 60. Kc4 Kf7 61. Nc5 Bf6 62. d5 Be7 63. Ne4 Bf8 64. Nxg5+ Kg6 65. Ne4 Be7 66. Kd4 Bf8 1/2-1/2

[Event "Wch U18"]
[Site "Kemer"]
[Date "2009.11.20"]
[Round "9"]
[White "Wageih, Kareim"]
[Black "Larmuseau, Maarten"]
[Result "1-0"]
[WhiteElo "2324"]
[BlackElo "2160"]
[PlyCount "95"]
[EventDate "2009.11.12"]
[EventType "swiss"]
[EventRounds "11"]
[EventCountry "TUR"]
[SourceTitle "EXT 2010"]
[Source "ChessBase"]
[SourceDate "2010.11.25"]
[SourceVersion "1"]
[SourceVersionDate "2010.11.25"]
[SourceQuality "1"]

1. d4 e6 2. Nf3 Nf6 3. e3 b6 4. Bd3 Bb7 5. 0-0 c5 6. c4 Bxf3 7. Qxf3 Nc6 8. d5 Ne5 9. Qe2 Nxd3 10. Qxd3 exd5 11. cxd5 Bd6 12. e4 0-0 13. f4 c4 14. Qxc4 Bc5+ 15. Kh1 Ng4 16. g3 Qe8 17. Nc3 f5 18. d6+ Kh8 19. e5 Nf2+ 20. Kg2 Qh5 21. h4 Ng4 22. b4 Be3 23. Qd3 Bxc1 24. Raxc1 Rae8 25. Nd5 Qf7 26. Kg1 Qh5 27. Ne3 Re6 28. Nxg4 Qxg4 29. Qf3 Qh3 30. Rf2 Rg6 31. Rg2 a5 32. b5 h6 33. Rc7 Rg4 34. Rc3 Rg6 35. h5 Re6 36. Rh2 Qg4 37. Qxg4 fxg4 38. Rc7 Rd8 39. Rhc2 Kg8 40. Rb7 Kf7 41. Rxb6 g5 42. hxg6+ Rxg6 43. Ra6 Ke6 44. Rxa5 h5 45. b6 Rb8 46. Rb5 h4 47. b7 hxg3 48. Rc8 1-0

[Event "Wch U18"]
[Site "Kemer"]
[Date "2009.11.16"]
[Round "6"]
[White "Yilmaz, Baler"]
[Black "Larmuseau, Maarten"]
[Result "0-1"]
[WhiteElo "1847"]
[BlackElo "2160"]
[PlyCount "36"]
[EventDate "2009.11.12"]
[EventType "swiss"]
[EventRounds "11"]
[EventCountry "TUR"]
[SourceTitle "EXT 2010"]
[Source "ChessBase"]
[SourceDate "2010.11.25"]
[SourceVersion "1"]
[SourceVersionDate "2010.11.25"]
[SourceQuality "1"]

1. d4 e6 2. c4 Nf6 3. Nf3 b6 4. Bg5 h6 5. Bh4 Bb7 6. e3 Be7 7. Bd3 Ne4 8. Bxe7 Qxe7 9. 0-0 f5 10. Ne5 Rg8 11. Qh5+ g6 12. Nxg6 Qf7 13. Nf4 Rxg2+ 14. Kxg2 Nf6+ 15. f3 Nxh5 16. Nxh5 Qxh5 17. e4 fxe4 18. fxe4 Qg4+ 0-1

[Event "BEL-chT 0910"]
[Site "Belgium"]
[Date "2009.09.27"]
[Round "1"]
[White "Saiboulatov, Danial"]
[Black "Larmuseau, Maarten"]
[Result "1-0"]
[WhiteElo "2395"]
[BlackElo "2169"]
[PlyCount "81"]
[EventDate "2009.09.27"]
[EventType "team-tourn"]
[EventRounds "11"]
[EventCountry "BEL"]
[SourceTitle "EXT 2011"]
[Source "ChessBase"]
[SourceDate "2010.11.26"]
[SourceVersion "1"]
[SourceVersionDate "2010.11.26"]
[SourceQuality "1"]
[WhiteTeam "Charleroi CREC"]
[BlackTeam "Aalter"]
[WhiteTeamCountry "BEL"]
[BlackTeamCountry "BEL"]

1. e4 e6 2. d4 d5 3. Nd2 Be7 4. Ngf3 Nf6 5. Bd3 0-0 6. 0-0 b6 7. e5 Nfd7 8. c4 c5 9. Qc2 h6 10. cxd5 exd5 11. Re1 Nc6 12. a3 Nxd4 13. Nxd4 cxd4 14. b4 a5 15. Qc6 Ra7 16. e6 Nb8 17. exf7+ Rxf7 18. Qg6 Rf6 19. Qh7+ Kf7 20. Nf3 Nd7 21. Bb2 Bd6 22. Ng5+ hxg5 23. Qh5+ Kg8 24. Re8+ Qxe8 25. Qxe8+ Bf8 26. Qxc8 Ne5 27. Rd1 axb4 28. axb4 Re7 29. Qh3 g4 30. Qh7+ Kf7 31. Bxd4 Ree6 32. Qh5+ g6 33. Qh7+ Bg7 34. Bxe5 Rxe5 35. Rc1 Re7 36. Rc8 Rf5 37. Qg8+ Kf6 38. Rc6+ Kg5 39. h4+ Kf4 40. Bxf5 g3 41. fxg3+ 1-0